Heat exchangers: Design and theory source book (Record no. 24011)

MARC details
000 -LEADER
fixed length control field 00361nam a2200133Ia 4500
082 ## - DEWEY DECIMAL CLASSIFICATION NUMBER
Classification number 536.24
Item number AFG
245 #0 - TITLE STATEMENT
Title Heat exchangers: Design and theory source book
260 ## - PUBLICATION, DISTRIBUTION, ETC. (IMPRINT)
Place of publication New York
Name of publisher McGraw Hill
Year of publication 1974
650 ## - SUBJECT ADDED ENTRY--TOPICAL TERM
Topical Term Heat transfer equipment
700 ## - ADDED ENTRY--PERSONAL NAME
Personal name Afgan, N H
700 ## - ADDED ENTRY--PERSONAL NAME
Personal name Schlunder, E V
942 ## - ADDED ENTRY ELEMENTS (KOHA)
Koha item type Books
Holdings
Withdrawn status Lost status Damaged status Not for loan Home library Current library Date acquired Cost, normal purchase price Full call number Accession Number Koha item type
        RRII Library RRII Library 16/12/2021 42.00 536.24 AFG 04700 Books